Κατάλογος Βιβλιοθηκών Mediterranean College

Aristotle / Nicomachean Ethics (Record no. 354)

MARC details
000 -LEADER
fixed length control field 01194cam a22001934a 4500
005 - ΗΜΕΡΟΜΗΝΙΑ ΚΑΙ ΩΡΑ ΤΕΛΕΥΤΑΙΑΣ ΕΝΗΜΕΡΩΣΗΣ
Πεδίο ελέγχου 20250605163932.0
008 - FIXED-LENGTH DATA ELEMENTS--GENERAL INFORMATION
Πεδίο ελέγχου σταθερού μήκους 250528s ||||||||||||||||||||||||d
035 ## - SYSTEM CONTROL NUMBER
System control number 14734
020 ## - ISBN
ISBN 915145650
040 ## - ΠΗΓΗ ΚΑΤΑΛΟΓΟΓΡΑΦΗΣΗΣ
Φορέας πρωτότυπης καταλογογράφησης MC Athens Campus Library
Γλώσσα καταλογογράφησης Ελληνικά, Μοντέρνα (1453-)
Modifying agency MC Athens Campus Library
Κανόνες περιγραφικής καταλογογράφησης AACR2
245 1# - ΤΙΤΛΟΣ ΚΑΙ ΔΗΛΩΣΗ ΥΠΕΥΘΥΝΟΤΗΤΑΣ
Τίτλος Aristotle / Nicomachean Ethics
260 ## - PUBLICATION, DISTRIBUTION, ETC.
Name of publisher, distributor, etc. Hackett Publishing Company,
Date of publication, distribution, etc. 1985
300 ## - PHYSICAL DESCRIPTION
Extent 448
520 ## - SUMMARY, ETC.
Summary, etc. This book is a central text in Greek Ethics, a primary source of medieval ethics, and a permanent stimulus to constructive thought about morality. Preface, Introduction, Note on the Text, Abbreviations, Nicomachean Ethics, The Highest Good: Happiness, Virtues of Character in General, The Preconditions of Virtue, The Individual Virtues of Character, Justice, Virtues of Thought, Conditions Connected with Virtue and Vice: Continence and Incontinence, The Varieties of Friendship, Disputes Between Friends with Dissimilar Aims, The Sources of Justification of Friendship, Pleasure, Happiness: Further Discussion, Ethics and Moral Education and Politics, Notes, Annonated Glossary, Aristotle's Literary References, Further Reading.
700 1# - ΠΡΟΣΘΕΤΗ ΑΝΑΓΡΑΦΗ--ΦΥΣΙΚΟ ΠΡΟΣΩΠΟ
Personal name Irwin Terence
9 (RLIN) 485
942 ## - ADDED ENTRY ELEMENTS (KOHA)
Koha item type Books
Holdings
Τύπος τεκμηρίου Βιβλιοθήκη Τρέχουσα τοποθεσία Barcode Αριθμός εισαγωγής Ημερομηνία απόκτησης Ταξιθετικό σύμβολο Αριθμός αντιτύπου Κατάσταση απόσυρσης Κατάσταση χαμένου Κατάσταση κατεστραμμένου Μη δανεισμός Σύνολο δανεισμών Ημερομηνία τελευταίας εμφάνισης Η τιμή ισχύει από
Books MC Athens Campus Library MC Athens Campus Library 9780000003539 4277 05/06/2025 171/.3 IRW 1           05/06/2025 05/06/2025

MC Athens Campus Library
Πατησίων 94 & Κοδριγκτώνος 13, 104 34
Πελλήνης 8 & Πατησίων 107, 112 51
Τ: +30 210 8899600

MC Thessaloniki Campus Library
Ίωνος Δραγούμη 21, 54625 | Ίωνος Δραγούμη 15, 54625
Τ: +30 2310 287779 – Τ: +30 2314 440300